Österreichische Bezirke nach Einwohnern/Gemeinde - Statistiken

Allgemein
  • Dieses Quiz wurde 34 mal gespielt
  • Das Durchschnittsergebnis liegt bei 13 aus 20
Antwortstatistiken
Gemeinden Einwohner EW/Gem. Bezirk % Korrekt
3 89.041 29.680 Dornbirn
81%
22 150.273 6.831 Linz-Land
78%
30 146.203 4.873 Baden
74%
12 17.066 1.422 Jennersdorf
74%
30 44.362 1.479 Landeck
70%
20 118.998 5.950 Mödling
70%
32 54.076 1.690 Oberwart
70%
37 32.670 883 Reutte
70%
28 37.513 1.340 Oberpullendorf
67%
28 25.797 921 Güssing
63%
20 31.090 1.555 Horn
63%
19 98.984 5.210 Bruck-Mürzzuschlag
59%
20 90.889 4.544 Korneuburg
59%
33 48.753 1.477 Lienz
56%
37 56.524 1.528 Rohrbach
56%
15 20.320 1.355 Tamsweg
56%
22 103.771 4.717 Tulln
56%
20 101.631 5.082 Gmunden
48%
13 60.374 4.644 Hallein
48%
9 52.726 5.858 Wolfsberg
44%
Keine übereinstimmenden Quizze gefunden
Verteilung der Resultate
Anzahl Personen mit jedem Resultat
Perzentil nach korrekt beantworteten Fragen
Ihre Resultats-Entwicklung
Sie haben dieses Quiz noch nicht gespielt